LEADER 01247nam a2200265 4500 001 000000355293 003 CaOOAMICUS 005 20230905111954.0 008 230905s2022 it a 000 u ita r 020 $a978-88-6124-966-0 040 $aSeMil$bita 100 1 $aGallo, Erminio,$c.$0(OLS)http://semarc/name/109786 245 10$aRocco di Montpellier :$bstoria e agiografia del santo pellegrino /$cErminio Gallo. 264 1$aTrapani :$bIl pozzo di Giacobbe,$c2022. 300 $a262 p. :$bill. ;$c22 cm 490 1 $aOi christianoi. Sezione medievale ;$v5 500 $aAppendice documentaria con testi in lingua originale 600 14$aRocco .$0(OLS)http://semarc/subject/17815 830 0$aOi christianoi. Sezione medievale ;$v5.$0(OLS)http://semarc/title/441459 850 $aSeMil 852 $aSeMil$W1$xVenegono$y1$m3H II 622$j243443$B246567$CSeMilBibl$Z2$F246567 $81 996 $6020$a978-88-6124-966-0$9(OLS)http://semarc/number/298823 996 $6245$aRocco di Montpellier :$bstoria e agiografia del santo pellegrino$9(OLS)http://semarc/title/445479 996 $6264$aTrapani :$bIl pozzo di Giacobbe$9(OLS)http://semarc/publisher/31941 LEADER 00659nam a2200169 i 4500 001 000000242013 003 CaOOAMICUS 005 20150526000000.0 008 150526s1834 it u000 u fre u 013 $a220918 040 $aSeMil$bita 245 10$aSermons pour le carême. Tome 1. 300 $a497 p. 773 0 $aMassillon, Jean-Baptist $tOeuvres complètes de Massillon, évêque de Clermont.$dA Paris : Chez Gauthier frères et C., 1834.$g2$w()31928 850 $aSeMil 852 $aSeMil$W1$xVenegono$y1$m3F II 7 FA$j192359$B192359$CSeMilBibl$Z2$F203185 $8I 996 $6245$aSermons pour le carême. Tome 1$9(OLS)http://semarc/title/343794 LEADER 01115nam a2200241 i 4500 001 000000194410 003 CaOOAMICUS 005 20101113000000.0 008 101113s1960 it u000 u ita u 013 $a173062 040 $aSeMil$bita 100 1 $aCostantini, Attilio,$d<1923?-2006>.$0(OLS)http://semarc/name/20553 245 10$aIntroduzione alle opere di San Lorenzo Giustiniani :$bprimo patriarca di Venezia /$cAttilio Costantini. 260 $aVenezia :$bStudium Cattolico Veneziano,$c1960. 300 $a308 p., [4] p. di tav. ;$c24 cm. 490 0 $aCollana laurenziana ;$v4 500 $aContiene : Appendice. 600 14$aGiustiniani, Lorenzo .$0(OLS)http://semarc/subject/3607 830 0$aCollana laurenziana ;$v4.$0(OLS)http://semarc/title/32168 850 $aSeMil 852 $aSeMil$W1$xVenegono$y1$m3J V 113$j144984$B144984$CSeMilBibl$Z2$F156411 $81 996 $6245$aIntroduzione alle opere di San Lorenzo Giustiniani :$bprimo patriarca di Venezia$9(OLS)http://semarc/title/280320 996 $6260$aVenezia :$bStudium Cattolico Veneziano$9(OLS)http://semarc/publisher/35927